000 01885nam0a2200349 4500
001 RU\NLR\bibl\1310000
005 20260407104939.0
010 _a978-5-8354-0493-3
_91500
021 _aRU
_b2008-86971
_95077
035 _a(NLR Aleph) 001295464
090 _a585862
_c585862
100 _a20081219d2008 |||y0rusy50 ca
101 0 _arus
102 _aRU
105 _ay |||||||||
200 1 _aОтдельные виды обязательств в международном частном праве
_f[д.ю.н. Доронина Н.Г., д.ю.н. В.А. Егиазаров, к.ю.н. В.П. Звеков и др.]
_gотв. ред. В.П. Звеков
_gИн-т законодательства и сравн. правоведения при Правительстве Рос. Федерации
210 _aМосква
_cСтатут
_d2008
215 _a601, [1] с.
_d21
300 _aАвт. указаны на обороте тит. л.
320 _aБиблиогр. в подстроч. примеч.
606 1 _aДоговоры и сделки
_xМеждународно-правовые вопросы
_92276302
_3RU\NLR\auth\661364078
686 _aХ932
701 1 _4070
_8rus
_7ca
_aДоронина
_bН. Г.
_f1944-
_gНаталия Георгиевна
_3RU\NLR\AUTH\77117621
_9100546
701 1 _4070
_7ca
_8rus
_aЕгиазаров
_bВ. А.
_f1936-
_gВладимир Абрамович
_9151103
_3RU\NLR\AUTH\770151141
701 1 _aЗвеков
_bВ. П.
_gВиктор Петрович
_4070
702 1 _aЗвеков
_bВ. П.
_gВиктор Петрович
_4340
712 0 2 _4570
_aИнститут законодательства и сравнительного правоведения
_cМосква
_3RU\NLR\AUTH\889936225
_9367278
801 0 _aRU
_bNLR
_c20081219
_gRCR
801 1 _aRU
_bNLR
_c20081219
942 _cBOOK
980 _aNB